Представление документа в формате RUSMARC

ПолеНазваниеЗначение
  Тип записи a
  Библиографический уровень m
001 Контрольный номер RU/IS/BASE/535044086
005 Дата корректировки 20190430082733.7
101 Язык документа 0_
a Язык текста rus
200 Заглавие и сведения об ответственности 1_
a Заглавие Сыны голубой планеты
210 Выходные данные 1_
a Место издания Москва
c Издательство Политиздат
d Дата издания 1973
686 Индексы других классификаций __
a Индекс ББК 39.6
700 Автор _1
a Фамилия Лебедев
b Имя Л. А.
701 Альтернативная интеллектуальная ответственность (другие авторы) _1
a Фамилия Лукьянов
b Имя Б. Романов А.
801 Источник записи _0
a Страна RU
b Организация Центральная районная библиотека им. Г. А. Пирожникова
801 Источник записи _1
a Страна RU
b Организация Центральная районная библиотека им. Г. А. Пирожникова
852 Данные о местонахождении __
i Авторский знак Л 33
b Сигла хранения 18
j Шифр хранения 39.6
905 Дата создания БЗ __
a Дата создания БЗ 2016.11.22
991 Признак экспресс-каталогизации __
a Признак экспресс-каталогизации express.Acquisition